Site preparation for the new Hong Kong International Airport / (Record no. 7761)

000 -LEADER
fixed length control field 01014cam a22002777a 4500
003 - CONTROL NUMBER IDENTIFIER
control field OSt
005 - DATE AND TIME OF LATEST TRANSACTION
control field 20200520133132.0
008 - FIXED-LENGTH DATA ELEMENTS--GENERAL INFORMATION
fixed length control field 990511s1998 enkab b 001 0 eng d
020 ## - INTERNATIONAL STANDARD BOOK NUMBER
International Standard Book Number 9780727726964
082 00 - DEWEY DECIMAL CLASSIFICATION NUMBER
Classification number 629.1360
Edition number 21
245 00 - TITLE STATEMENT
Title Site preparation for the new Hong Kong International Airport /
Statement of responsibility, etc edited by G.W. Plant, C.S. Covil, and R.A. Hughes.
260 ## - PUBLICATION, DISTRIBUTION, ETC. (IMPRINT)
Place of publication, distribution, etc London :
Name of publisher, distributor, etc T. Telford,
Date of publication, distribution, etc 1998.
300 ## - PHYSICAL DESCRIPTION
Extent xvi, 576 p. :
Other physical details ill. (some col.), maps ;
Dimensions 24 cm.
500 ## - GENERAL NOTE
General note "Airport Authority Hong Kong."
504 ## - BIBLIOGRAPHY, ETC. NOTE
Bibliography, etc Includes bibliographical references and index.
610 20 - SUBJECT ADDED ENTRY--CORPORATE NAME
Corporate name or jurisdiction name as entry element Hong Kong International Airport.
650 #0 - SUBJECT ADDED ENTRY--TOPICAL TERM
Topical term or geographic name as entry element Airports
Geographic subdivision China
-- Hong Kong
General subdivision Design and construction.
650 #0 - SUBJECT ADDED ENTRY--TOPICAL TERM
Topical term or geographic name as entry element Soil mechanics
Geographic subdivision China
-- Hong Kong.
650 #0 - SUBJECT ADDED ENTRY--TOPICAL TERM
Topical term or geographic name as entry element Excavation
Geographic subdivision China
-- Hong Kong.
650 #0 - SUBJECT ADDED ENTRY--TOPICAL TERM
Topical term or geographic name as entry element Building sites
Geographic subdivision China
-- Hong Kong.
700 1# - ADDED ENTRY--PERSONAL NAME
Personal name Plant, G. W.
Fuller form of name (Graham W.)
700 1# - ADDED ENTRY--PERSONAL NAME
Personal name Covil, C. S.
Fuller form of name (Craig S.)
700 1# - ADDED ENTRY--PERSONAL NAME
Personal name Hughes, R. A.
Fuller form of name (Robin A.)
710 2# - ADDED ENTRY--CORPORATE NAME
Corporate name or jurisdiction name as entry element Airport Authority Hong Kong.
942 ## - ADDED ENTRY ELEMENTS (KOHA)
Source of classification or shelving scheme
Holdings
Withdrawn status Lost status Source of classification or shelving scheme Damaged status Koha normalized classification for sorting Not for loan Permanent location Current location Date acquired Full call number Barcode Date last seen Price effective from Koha item type
        629_000000000000000_1360PLA   BMS College of Architecture, Design and Planning BMS College of Architecture, Design and Planning 2020-05-20 629.1360PLA AR-RD91 2020-05-20 2020-05-20 R&D Books
Copyright © 2025, The Librarian, Library and Information Centre, BMSCA D&P, Bengaluru. All Rights Reserved
web counter

Powered by Koha